| 000 | 01013nam a2200253 i 4500 | ||
|---|---|---|---|
| 001 | 128868 | ||
| 003 | ES-MaACL | ||
| 005 | 20230906193358.0 | ||
| 007 | t| | ||
| 008 | 070529s1973 sp ||||1| spa d | ||
| 245 | 0 | 0 |
_aTeatro argentino contemporáneo _b: 1949-1969 / _crecopilación, prólogo y notas de Juan Carlos Ghiano. |
| 250 | _a[1ª ed.]. | ||
| 260 |
_a[Madrid] : _bAguilar, _c[1973] |
||
| 300 |
_a411 p. : _bil. ; _c20 cm. |
||
| 505 | 8 | _aContiene: El puente / Carlos Gorostiza.--La biunda / Carlos Carlino.-- Agustín Cuzzani / Una libra de carne.-- Fundación del desengaño / Atilio Betti.-- Los de la mesa 10 / Osvaldo Dragún.-- Narcisa Garay, mujer para llorar / Juan Carlos Ghiano | |
| 700 | 1 |
_aGorostiza, Carlos. _959212 |
|
| 700 | 1 |
_aCarlino, Carlos. _935280 |
|
| 700 | 1 |
_aCuzzani, Agustín. _942310 |
|
| 700 | 1 |
_aBetti, Atilio. _928686 |
|
| 700 | 1 |
_aGhiano, Juan Carlos. _956567 |
|
| 700 | 1 |
_aDragun, Osvaldo. _9182623 |
|
| 852 |
_aES-MaACL _jC-55694 _bR.88290 |
||
| 999 |
_c128868 _d128868 |
||